000 00593nam a2200241 a 4500
001 12826
003 CO-ViMGA
005 20250801162557.0
008 141112s2004 ck r 000 u spa d
020 _a9806114264
040 _aCO-ViMGA
_bspa
_cCO-ViMGA
082 0 4 _a110 M35m
100 1 _aMendez, Conny
_918608
245 1 0 _aMetafísica 4 en 1
260 _aMiami :
_bBienes lacónica,
_c1977
300 _a398p.
490 _aMetafísica
650 1 4 _aESPIRITUALIDAD
_918609
650 1 4 _aMETAFISICA
_98479
650 1 4 _aVALORES - FILOSOFIA
942 _2ddc
_cBK
999 _c23755
_d23755